Un joueur par équipe de Premier League (2023-2024) - Statistiques

Statistiques générales
  • Ce quiz a été pris 545 fois
  • Le résultat moyen est 14 sur 20
Statistiques - réponses
Hint Réponse % Correct
Milieu de terrain de MANCHESTER UNITED Alejandro GARNACHO
87%
Attaquant de MANCHESTER CITY Julian ALVAREZ
87%
Milieu de terrain d'ARSENAL Declan RICE
86%
Milieu de terrain de LIVERPOOL Dominik SZOBOSZLAI
86%
Gardien de but d'EVERTON Jordan PICKFORD
85%
Milieu de terrain de CHELSEA Conor GALLAGHER
84%
Gardien de but d'ASTON VILLA Emiliano MARTINEZ
84%
Milieu de terrain de TOTTENHAM Dejan KULUSEVSKI
80%
Défenseur de NEWCASTLE Fabian SCHAR
77%
Défenseur de WEST HAM Kurt ZOUMA
77%
Attaquant de WOLVERHAMPTON Matheus CUNHA
74%
Attaquant de CRYSTAL PALACE Jordan AYEW
71%
Défenseur de BRIGHTON Lewis DUNK
67%
Attaquant de BOURNEMOUTH Dominic SOLANKE
66%
Milieu de terrain de NOTTINGHAM Morgan GIBBS-WHITE
64%
Attaquant de BRENTFORD Yoane WISSA
56%
Milieu de terrain de LUTON TOWN Ross BARKLEY
52%
Défenseur de BURNLEY Lorenz ASSIGNON
47%
Défenseur de FULHAM Timothy CASTAGNE
44%
Milieu de terrain de SHEFFIELD Gustavo HAMER
40%
Aucun quiz correspondant
Distribution des résultats
% des personnes avec chaque résultat
Percentile par nombre de réponses
Votre historique - résultats
Vous n’avez pas pris ce quiz